00685 2200241 4500001002100000005001500021035002000036007000300056008004100059020001800100082002300118084002900141100002200170245005900192250000600251260006200257300002900319650001000348650001800358700001600376856002800392990002300420INLIS00000000000761820250821110109 a0010-0825000046ta250821 0 ind  a979-8393-02-3 a633.491-152.7(035) a633.491-152.7(035) MOE p0 aMOELJONO, Sugiono1 aPanduan Karakterisasi dan Evaluasi Plasma Nuftah Talas a- aBogor :bSEKRETARIAT KOMISI NASIONAL PLASMA NUTFAH,c2002 a83p. :bilus ;c21 cme- 4aTalas 4aPlasma Nutfah0 aHusni Karim aPerpustakaan BRMP Jatim a478/2025/BRMPJATIM